000 00371nam a2200157Ia 4500
008 100122s9999 xx 000 0 und d
082 _b77461
_a910.4
100 _aबोरुडे संजय
245 _aनेवासे
250 _a1
260 _c2009
300 _a58
630 _aनेवासे
730 _aनेवासे
942 _cBOOK
999 _c394547
_d394544